00970nam a2200277 a 45000010005000000030008000050050017000130080039000300200016000690350018000850400032001030410008001350820025001431000041001682450178002092600040003873000035004275000020004625040030004826500045005126500013005576500044005706500029006147000020006437000029006635644BD-RjUL20211208234113.0140106s1987 maua b 001 0 eng a039543095X  a(BD-RjUL)5683 aDLCcDLCdDLCdBD-RjULbeng aeng00a306.43219bHIC 19871 aHirsch, E. D.q(Eric Donald),d1928-10aCultural literacy :bwhat every American needs to know /cE.D. Hirsch, Jr. ; with an appendix, What literate Americans know [by] E.D. Hirsch, Jr., Joseph Kett, James Trefil. aBoston :bHoughton Mifflin,cc1987. axvii, 251 p. :bill. ;c22 cm. aIncludes index. aBibliography: p. 216-238. 0aEducational anthropologyzUnited States. 0aCulture. 0aMulticultural educationzUnited States. 0aLiteracyzUnited States.1 aKett, Joseph F.1 aTrefil, James S.,d1938-